Rash 122 - Statistiques

Statistiques générales
  • Ce quiz a été pris 37 fois
    29 depuis la dernière actualisation
  • Le résultat moyen est 20 sur 24
Statistiques - réponses
Hint Réponse % Correct
Lésions en cible Érythème Polymorphe
100%
Croûte mielleuse ou bulles flaccides transparentes Impétigo
100%
Érythème Migrant Lyme
100%
Vésicules à contenu clair ou citrin cernées d’un liseré rouge ou maculo-papules, 3 endroits caractéristiques, onchyomadèse Pied-main-bouche
100%
Gingivostomatite Primo-infection herpes
100%
Éruption maculo-papuleuses espacées par peau saine Front + régions rétro-auriculaires --> Tête --> tronc et membres, Signe de Koplik Rougeole
100%
Érythème vésiculo-bulleux + Décollement épidermique <10% Stevens-Johnson
100%
Vésicules ulcéreuses Herpès
92%
Purpura et sx systémiques intenses et aigus Méningococcémie
92%
Érythème vésiculo-bulleux + Décollement épidermique >10% Nécrolyse épidermique toxique
92%
Éruption maculo-papuleuses espacées par peau saine Front + régions rétro-auriculaires --> Tête --> tronc et membres, Clairsemées sur le tronc et les membres, Signe de Forcheimer, tératogène Rubéole
92%
Cou --> Tronc --> Extrémités, peau rêche/rugeux et rouge (coup de soleil), Signe de Pastia Scarlatine
92%
Petites vésicules --> vésicule à liquide clair/citrin --> croutes, tête-tronc vers membres Varicelle
92%
Éruption maculo-papuleuse, bulleuse, croûteuse et prurigineuse ++, linéaire Dermatite de contact
83%
Aphtes a/n muqueuse pharynx postérieur Herpangine
83%
Érythmato-squameuse, Tache en médaillon --> Tronc ++, visage, cuir chevelu, extrémités, Sapin de Noël Pityriasis rosé de Gilbert
83%
Éruptions réticulées symétriques avant-bras et cuisses, joues rouges 5e maladie (parvovirus B19)
75%
non-vésiculeux a/n du tronc ++, Crash & Burn Kawasaki
75%
Urticaire, prurit, papules rouges FIXES Pseudo-maladie sérique
67%
Nodules sous-cutanés solides et indolores, Érythème marginé Rhumatisme articulaire aigu
67%
Tâches de Nagayama,Tronc --> Visage, Éruption Maculo-papuleuse Roséole
67%
Papules/Plaques érythémateuses ou rose pâle œdémateuses Urticaire
67%
Vésicules ulcéreuses - Doigt ou orteil Panaris herpétique
58%
Lésions non-inflammatoires, écailleuses Kératose pillaire
50%
Aucun quiz correspondant
Distribution des résultats
% des personnes avec chaque résultat
Percentile par nombre de réponses
Votre historique - résultats
Vous n’avez pas pris ce quiz depuis la dernière actualisation